01168nam a2200193Ia 4500001001000000003001000010008004100020040002500061041001300086100002100099245007400120250001100194260006600205300002800271500026000299501011400559520026000673650004100933L201-2730IT-CnALBA170116s9999||||xx |||||||||||||| ||und|| aIT-CnALBAcIT-CnALBA aITALIANO aBAUSCHEN GERHARD 0aMANUALE DI PATROLOGIA E DELLE SUE RELAZIONI CON LA STORIA DEI DOGMI.  a4a ed. a FIRENZEbFIORENTINA LIBRERIA EDITRICE c1912 [1° Ed.: n.d.] a426 p. (prefazione: 37) aTRADUZIONNE DAL TEDESCO DI BRUSCOLI GAETANO. INTRODUZIONE GENERALE. LETTERATURA CRISTIANA PRENICENA. APOLOGETI DEL SECONDO SECOLO. LETTERATURA GNOSTICA E ANTIGNOSTICA NEL SECONDO SECOLO. PADRI ALESSANDRINI AFRICANI ROMANI. DOCUMENTI. PERIODO AUREO. DECADE aSocietà San Paolo EM - Piazza San Paolo, 14 - 12051 ALBA (CN) (non commercial uses only) ® Copyright 2017 aTRADUZIONNE DAL TEDESCO DI BRUSCOLI GAETANO. INTRODUZIONE GENERALE. LETTERATURA CRISTIANA PRENICENA. APOLOGETI DEL SECONDO SECOLO. LETTERATURA GNOSTICA E ANTIGNOSTICA NEL SECONDO SECOLO. PADRI ALESSANDRINI AFRICANI ROMANI. DOCUMENTI. PERIODO AUREO. DECADE aSTORIA E FILOSOFIA SUL CRISTIANESIMO